Estudios de lingüística aplicada

Zapisane w:
Opis bibliograficzny
1. autor: Hamel, Rainer Enrique
Format: Książka
Język:Undetermined
Wydane: México, Distrito Federal Universidad Nacional Autónoma de Lenguas Extranjeras 1984
Hasła przedmiotowe:
Etykiety: Dodaj etykietę
Nie ma etykietki, Dołącz pierwszą etykiete!

MARC

LEADER 00000nam a2200000Ia 4500
008 170316s9999 xx 000 0 und d
090 |a 410 H-5e 
100 |a Hamel, Rainer Enrique 
245 |a Estudios de lingüística aplicada 
260 |a México, Distrito Federal 
260 |b Universidad Nacional Autónoma de Lenguas Extranjeras 
260 |c 1984 
300 |a 355 páginas 
650 |a LINGÜÍSTICA 
999 |c 18463  |d 18463 
040 |a cru BVZT 
942 |c 15 D  |h 410 H-5e  |2 z